00620nam a2200217Ia 450000500170000000800410001702000150005808200190007310000160009224500400010826000540014830000160020265000130021865000120023165000160024365000120025965000150027194200060028695200950029299900150038720250317065809.0240331s9999 xx 000 0 und d a019507386X bREI22267a301 aReinharz, S 0aFeminist Methods in Social Research aOxford;aNew York.bOxford University Pressc1992 aix, 413 p., aFeminism aSociety aEthnography aCulture aStatistics cL 001040708LaWERCLbWERCLcSSCd2024-03-31l0o 301 REIp2267r2024-03-31w2024-03-31yL c4560d4560